000 01064nam a2200301Ia 4500
001 Para_9701
003 CHAP
008 220125s9999 xx 000 0 und d
010 _a208378
040 _cCHAP
090 _aPA TESIS 2322
100 _aGarcia Herrera, Rocio Elizabeth
_945647
245 _aEfectividad biologica de uragan 80 WP para el control de la maleza en el cultivo de piña (Ananas comosus (Lindl) Schult) /
_c Rocio Elizabeth Garcia Herrera
260 _aChapingo, Mex. :
_b el autor, 2009
300 _a46 h.
502 _aTesis (Ing. Agr. Esp. Parasitologia Agrícola) UACh. Departamento Parasitología Agrícola
650 _aHerbicidas
_953691
650 _aMalas Hierbas
_x Control
_970011
650 _aMalas hierbas
_x Resistencia a Herbicidas
_x Bromacil
_9174712
710 _aUACh. Departamento Parasitología Agrícola
_9164025
901 _aPA TESIS 2322
902 _aM
905 _a503220 M,N 8000000000 00
910 _a
942 _cPARA
942 _cPARA
_d2
999 _c208378
_d208378